000 nam a22 7a 4500
999 _c7849
_d7849
008 171028b xxu||||| |||| 00| 0 eng d
020 _a9788123918631
100 _aChaurasia`a B D
_94321
245 _aHuman Anatomy
250 _a5th Edition
260 _aNew Delhi
_bCBS Publishers
_c2010